Rast panvových končatín vo vzťahu k živej hmotnosti japonskej prepelice

Bibliographic Details
Main Author: Šebová, Katarína (Author)
Format: Article
Language:Slovak
PhysicalDescription:Res. slov., rus., lit. 10 zázn. v slov., češ., angl.
Subjects:

MARC

LEADER 00000nab a2200000 a 4500
001 vtls000404455
003 SK-MaSNL
005 20260303211711.0
008 230131c1990 xo 0 slo
015 |a SNBRB19rr/mm-uuuuu 
035 |a CL0404579 
035 |a urn:nbn:sk:snk-ab1l70 
035 |a (urnnbn)urn:nbn:sk:snk:ar-004d44 
035 |a (uuid)b6da88eb-f9c8-4273-a453-691be16061c6 
040 |a SNKBUCL  |b slo  |c SNKBUCL  |e AACR2 
041 0 |a slo 
044 |a xo  |c SK 
080 |a 636.5:591.134:591.498  |2 1981 
080 |a 591.134  |2 1981 
080 |a 591.498  |2 1981 
080 |a 636.5  |2 1981 
100 1 |a Šebová, Katarína  |4 aut  |9 969263 
245 1 0 |a Rast panvových končatín vo vzťahu k živej hmotnosti japonskej prepelice  |c Katarína Šebová 
300 |b Res. slov., rus., lit. 10 zázn. v slov., češ., angl. 
650 0 7 |a prepelica japonská  |2 SNK  |9 120362 
650 0 7 |a panvové končatiny  |2 SNK  |9 1243752 
655 7 |a články z novín a časopisov  |2 SNK  |9 267496 
773 0 |t Poľnohospodárstvo  |g Roč. 36, č. 9 (1990), s. 847-851 
850 |a Slovenská národná knižnica v Martine  |a MTA001 
852 |a SNK  |b KIS3GCP 
954 |a odborná, vedecká literatúra pôvodná (slovenská)  |2 lita 
958 |a RK 
958 |a OND 
958 |a EUIPO 
958 |a article27 
992 |a RBX 
999 |c 2203813  |d 2205743